000 00540nam a2200181Ia 4500
008 090124s9999 xx 000 0 und d
082 _b29147
100 _aदेवधर ज्योत्स्ना
245 _a समास
250 _a0
260 _bमॅजेस्टिक प्रकाशन
_c1990
300 _a163
600 _aदेवधर ज्योत्स्ना
630 _a समास
700 _aदेवधर ज्योत्स्ना
730 _a समास
942 _cBOOK
999 _c94691
_d94691